Vista normal Vista MARC

Entrada Topical Term

Número de registros utilizados en: 1

001 - CONTROL NUMBER

  • control field: 39342

003 - CONTROL NUMBER IDENTIFIER

  • control field: OSt

005 - DATE AND TIME OF LATEST TRANSACTION

  • control field: 20210812142659.0

008 - FIXED-LENGTH DATA ELEMENTS

  • fixed length control field: 210812|| aca||aabn | a|a d

040 ## - CATALOGING SOURCE

  • Original cataloging agency: OSt
  • Transcribing agency: OSt

150 ## - HEADING--TOPICAL TERM

  • Topical term or geographic name entry element: Historia
  • Form subdivision: Bancos
  • Geographic subdivision: Bogotá : Colombia

670 ## - SOURCE DATA FOUND

  • Source citation: Work cat.: (OSt)12152: Urbina Gonzalez, Amparo de, autora 39341, Crecimiento de Bogotá y dispersión de funciones bancaria desde su centro histórico 1950-2000 / , 2006.